Statistics for Malibu - Miley Cyrus (All Lyrics)

Click here to take the quiz!

General Stats

  • This quiz has been taken 271 times
  • The average score is 191 of 270

Answer Stats

Lyrics% Correct
I
98%
you,
96%
Malibu.
96%
You
96%
Malibu,
96%
you.
96%
you
96%
in
95%
In
95%
a
94%
A
94%
to
93%
The
92%
the
92%
be
85%
next
84%
Next
84%
so
82%
And
82%
me
82%
here
82%
and
82%
me.
82%
ocean.
81%
We
81%
we
81%
never
81%
by
81%
sky
79%
my
78%
I'm
77%
beach
77%
But
77%
blue.
77%
Is
77%
blue
77%
is
77%
that
76%
with
74%
am,
74%
stood
73%
sun
73%
sand.
73%
happy
71%
feet
71%
brought
71%
did.
71%
shore
70%
as
69%
now
68%
under
67%
or
67%
go
66%
Do
66%
of
66%
'Cause
65%
came
65%
thought
64%
free
64%
wind.
64%
went
64%
would
63%
would've
63%
swam.
63%
sat
62%
always
62%
birds
62%
are
61%
just
59%
it'll
59%
it
59%
catching
58%
can't
58%
what
58%
sink,
57%
this
57%
for
57%
down
56%
were
56%
all
55%
more
54%
get
53%
understand.
53%
how
53%
Sometimes
52%
swim
52%
scared
52%
I'd
52%
walking.
52%
sometimes
52%
boatin',
51%
don't
49%
talking.
49%
life
49%
us,
49%
floatin'.
48%
you're
48%
smile.
47%
watched
47%
standing
46%
song.
46%
if
46%
they
46%
years
46%
while.
45%
writing
45%
wish
45%
told
44%
three
44%
come
44%
heart.
44%
explain
44%
rest
44%
make
43%
like
43%
It's
43%
ago
43%
believed
43%
there
43%
dream
42%
spend
42%
even
42%
away
42%
will
41%
true.
41%
fish.
41%
exist?
40%
feel
40%
long?
40%
waves
40%
thank
39%
Hoping
39%
when
39%
summer
39%
same
39%
current,
38%
stay
38%
start.
38%
change.
38%
new
38%
hot
38%
save
37%
supposed
37%
back
37%
nothing
36%
brand
36%
wanna
36%
drowning
35%
forth.
34%
flow
33%
That's
33%

Score Distribution

Percentile by Number Answered

Percent of People with Each Score

Your Score History

You have not taken this quiz